Statistics for Halogens AQA A-level Chemistry

Click here to take the quiz!

General Stats

  • This quiz has been taken 52 times
  • The average score is 8 of 38

Answer Stats

QuestionAnswer% Correct
what happens to reactivity as you go down the groupdecreases
51%
what is the oxidation state of oxygen-2
43%
which group are halogens7
43%
what happens to electronegativity as you go down the groupdecreases
41%
what is the oxidation states of hydrogen+1
35%
define reductiongain of electrons
35%
what is the oxidation state of sulfur in H2SO46
32%
what are the silver halides then reacted withammonia
32%
what happens to boiling point as you go down the groupincreases
30%
what is the colour of the precipitate formed when silver nitrate is added to bromidepale cream
30%
what colour is the iodine gas produced from the reaction of iodide with sulfuric acidpurple
30%
what is the colour of the precipitate formed when silver nitrate is added to chlodidewhite
30%
why does the amount of chlorine in pools need to be controlledit is toxic
27%
what is the colourless (choking) gas produced when Iodide reacts with sulfuric acidSulfur dioxide
27%
Give the half equation of bromide (from the reaction with sulfuric acid)2Br- > Br2 + 2e-
24%
does silver iodide dissolve in ammoniano
24%
what is the first test used for halide identificationsilver nitrate test
24%
will chlorine displace bromide from a moleculeyes
24%
what colour is the bromine gas produced from the reaction of bromine with sulfuric acidbrown
22%
what is an oxidising agentan atom which oxidises another atom
19%
what is the bad egg smell gas produced when iodide reacts with sulfuric acidH2S
19%
define oxidationloss of electrons
19%
what is the chlorine reaction that happens in sunlight2Cl2 + 2H2O > 4HCl + O2
16%
does silver bromide dissolve in ammoiaonly in concentrated ammonia
16%
what is reducing powerthe ability of an atom to reduce another atom
16%
what type of reaction forms steamy fumes when a halide reacts with sulfuric acidacid-base
14%
what is the reaction of chlorine with sodium hydroxideCl2 + 2NaOH > NaClO + NaCl + H2O
14%
what is the colour of the precipitate formed when silver nitrate is added to fluorideno precipitate
14%
what is produced when fluoride ions react with sulfuric acidsteamy fumes
14%
what is the first electron affinitythe energy released when 1 mole of gaseous atoms each gain an electron, forming 1 mole of gaseous 1- ions
14%
why is chlorine put in swimming poolsto kill bacteria
14%
why acidify a solution before adding silver nitrateto remove impurities
14%
What is the equation between sodium chloride and sulfuric acidNacl + H2SO4 > HCl + NaHSO4
11%
what is the colour of the precipitate formed when silver nitrate is added to iodidepale yellow
11%
what is the reversible reaction from chloric acid to hydrochloric acidCl2 + H2O > HClO + HCl
5%
what is formed when silver chloride reacts with ammoniacolourless solution
5%
what is disproportionationwhen an atom is both oxidised and reduced at the same time
5%
what is the reversible equation for when solid sodium chlorate reacts with waterNaClO + H2O > Na+ + OH- + HClO
3%

Score Distribution

Percentile by Number Answered

Percent of People with Each Score

Your Score History

You have not taken this quiz